01276nam a22001457a 4500008004100000020001800041050001800059100001900077245005600096250001200152260007100164300003400235500002000269505084100289190902b xxu||||| |||| 00| 0 eng d a9788122427479 aTD193.K52(2e) aKhopkar, S. M. aEnvironmental pollution analysis. /cS. M. Khophar. a2nd ed. aNew Dehli :bNew Age International (P) Limited, Publishers,c2011. axxi, 308 p. :bill. ;c24 cm. aIncludes index. aContents: Introduction to environmental pollution -- Modern methods of pollution analysis -- Toxic pollutants and their analysis -- Sampling and analysis of air pollutants -- Introduction to air pollution -- Analysis of major pollutants -- Analysis of air pollutants -- Air pollution monitoring -- Introduction to water pollution -- Water pollution analysis -- Water treatment -- Metal pollutants analysis - specific methods -- Metal pollutants analysis by instrumental methods -- Analysis of organic compounds in water from its bulk properties -- Analysis of specific organic compounds in water -- Microbiological examination of the water -- Analysis of industrial effluents -- Domestic effluents and their analysis -- Land pollution, pesticides and their analysis -- Noise pollution and its measurement -- Odour and its measurement.